[Event "TCh-FRA Top 12 2018"]
[Site "Brest FRA"]
[Date "2018.06.03"]
[Round "9.4"]
[Board "7"]
[White "Flom, Gabriel"]
[Black "Steil-Antoni, Fiona"]
[Result "1-0"]
[WhiteTitle "IM"]
[BlackTitle "WIM"]
[WhiteElo "2501"]
[BlackElo "2200"]
[WhiteTeam "Tremblay en France"]
[BlackTeam "VANDOEUVRE-Echecs"]
[WhiteFideId "621650"]
[BlackFideId "4001249"]
[EventDate "2018.05.26"]

1. b3 d5 2. Bb2 Bg4 3. f3 Bf5 4. e3 e6 5. Ne2 h5 6. Nf4 Qg5 7. d4 Bd6 8. Qd2 Nd7
9. Nc3 c6 10. O-O-O Qe7 11. e4 g5 12. Nd3 Bg6 13. Kb1 O-O-O 14. Re1 dxe4 15.
Nxe4 f6 16. Nxd6+ Qxd6 17. h4 gxh4 18. Qf4 Nf8 19. Qxd6 Rxd6 20. Ba3 Rd8 21.
Bxf8 Rxf8 22. Nf4 Bf5 23. Rxh4 Ne7 24. Rxh5 Rxh5 25. Nxh5 Kd7 26. Ng7 Rg8 27.
Nxf5 Nxf5 28. Bc4 Re8 29. a4 Nd6 30. Bd3 Rg8 31. g4 Rh8 32. f4 Rh4 33. g5 Rxf4
34. g6 Rg4 35. Rh1 f5 36. Rh7+ Kd8 37. Rg7 Rxd4 38. Be2 Rd2 39. Rh7 Rxe2 40. g7
Rg2 41. Rh8+ Kd7 42. g8=Q Rxg8 43. Rxg8 c5 44. Rg7+ Kc6 45. Re7 Kd5 46. c4+ Ke5
47. Kc2 f4 48. Kd3 f3 49. Rd7 b6 50. Ke3 Nf5+ 51. Kxf3 Nd4+ 52. Ke3 Nxb3 53.
Rxa7 Na5 54. Kd3 Kd6 55. Rh7 Nb3 56. Rh2 Nd4 57. Ke4 Kc6 58. Rb2 Nf5 59. Rb1
Nd6+ 60. Kd3 Nb7 61. Re1 Kd6 62. Ke4 Na5 63. Rd1+ Kc6 64. Rc1 Nb3 65. Rc3 Nd4
66. Ke5 Kb7 67. Rc1 Ka6 68. Rb1 Ka5 69. Kd6 Kxa4 70. Rxb6 Nb3 71. Kxe6 1-0

[Event "TCh-FRA Top 12 2018"]
[Site "Brest FRA"]
[Date "2018.06.03"]
[Round "9.4"]
[Board "8"]
[White "Partac, Elena"]
[Black "Aflalo, Sophie"]
[Result "0-1"]
[WhiteTitle "WGM"]
[WhiteElo "2091"]
[BlackElo "2104"]
[WhiteTeam "VANDOEUVRE-Echecs"]
[BlackTeam "Tremblay en France"]
[WhiteFideId "13901001"]
[BlackFideId "656887"]
[EventDate "2018.05.26"]

1. e4 c5 2. Nf3 Nc6 3. Bb5 g6 4. O-O Bg7 5. Re1 Nf6 6. e5 Nd5 7. Nc3 Nc7 8. Bxc6
dxc6 9. Ne4 Ne6 10. d3 O-O 11. Be3 b6 12. Qd2 Nd4 13. Nxd4 cxd4 14. Bh6 f5 15.
exf6 exf6 16. Bxg7 Kxg7 17. Qf4 g5 18. Qg3 Bf5 19. Nd6 Bg6 20. h4 a5 21. Re6 Kg8
22. hxg5 fxg5 23. Qe5 Ra7 24. Re1 c5 25. a4 g4 26. Re7 Rxe7 27. Qxe7 Qxe7 28.
Rxe7 Rf6 29. Nc4 Bf7 30. Ne5 Re6 31. Rxe6 Bxe6 32. Kh2 Ba2 33. Nc4 Bxc4 34. dxc4
Kf7 35. Kg3 h5 36. Kf4 Kf6 37. g3 Kg6 38. b3 Kf6 39. Ke4 Kg5 40. Kd5 h4 41.
gxh4+ Kxh4 42. Kc6 Kh3 43. Kxb6 Kg2 44. Kxc5 Kxf2 45. Kxd4 g3 46. Kc5 g2 47. Kb5
g1=Q 48. Kxa5 Ke3 49. c5 Kd4 50. Kb5 Qf1+ 51. Kb6 Qf8 52. b4 Qb8+ 53. Ka6 Qxb4
54. c6 Qb8 0-1

[Event "TCh-FRA Top 12 2018"]
[Site "Brest FRA"]
[Date "2018.06.03"]
[Round "9.5"]
[Board "1"]
[White "Moussard, Jules"]
[Black "Riazantsev, Alexander"]
[Result "0-1"]
[WhiteTitle "GM"]
[BlackTitle "GM"]
[WhiteElo "2570"]
[BlackElo "2662"]
[WhiteTeam "Evry Grand Roque"]
[BlackTeam "Metz Fischer"]
[WhiteFideId "642908"]
[BlackFideId "4125029"]
[EventDate "2018.05.26"]

1. c4 e6 2. Nf3 d5 3. e3 Nf6 4. b3 Bd6 5. Bb2 O-O 6. d4 b6 7. Bd3 Bb7 8. O-O
Nbd7 9. Qe2 a6 10. Nbd2 Ne4 11. a4 a5 12. Rac1 Qe7 13. Rc2 f5 14. Rfc1 c6 15.
Ne1 Rf6 16. g3 Rh6 17. Nf1 dxc4 18. Bxc4 c5 19. f3 Ng5 20. Rd1 cxd4 21. Bxd4 Kh8
22. Rcd2 Nf7 23. f4 Rd8 24. Nd3 Ba8 25. Nf2 Bb4 26. Rd3 Nd6 27. Bc3 Nc5 28. Bxb4
Nxd3 29. Nxd3 axb4 30. Ne5 Rf6 31. Bb5 Rff8 32. Bc6 Nf7 33. Nxf7+ Qxf7 34. Bxa8
Rxa8 35. Qb5 Qc7 36. Qxb4 Rfd8 37. Rd2 h6 38. Kf2 Rac8 39. e4 Rxd2+ 40. Nxd2 Qc2
41. Qd4 fxe4 0-1

[Event "TCh-FRA Top 12 2018"]
[Site "Brest FRA"]
[Date "2018.06.03"]
[Round "9.5"]
[Board "2"]
[White "Feller, Sebastien"]
[Black "Fedorchuk, Sergey A."]
[Result "1/2-1/2"]
[WhiteTitle "GM"]
[BlackTitle "GM"]
[WhiteElo "2574"]
[BlackElo "2637"]
[WhiteTeam "Metz Fischer"]
[BlackTeam "Evry Grand Roque"]
[WhiteFideId "634654"]
[BlackFideId "14102536"]
[EventDate "2018.05.26"]

1. d4 Nf6 2. c4 e6 3. Nf3 b6 4. g3 Bb4+ 5. Bd2 Bxd2+ 6. Qxd2 Ba6 7. b3 c6 8. Nc3
d5 9. cxd5 cxd5 10. Ne5 Nfd7 11. Nxd7 Qxd7 12. e3 Bxf1 13. Kxf1 O-O 14. Kg2 Nc6
15. Rac1 1/2-1/2

[Event "TCh-FRA Top 12 2018"]
[Site "Brest FRA"]
[Date "2018.06.03"]
[Round "9.5"]
[Board "3"]
[White "Brochet, Philippe"]
[Black "Balogh, Csaba"]
[Result "0-1"]
[WhiteTitle "IM"]
[BlackTitle "GM"]
[WhiteElo "2409"]
[BlackElo "2628"]
[WhiteTeam "Evry Grand Roque"]
[BlackTeam "Metz Fischer"]
[WhiteFideId "602469"]
[BlackFideId "718939"]
[EventDate "2018.05.26"]

1. c4 e5 2. Nc3 Nf6 3. Nf3 Nc6 4. e3 Bb4 5. Qc2 Bxc3 6. bxc3 O-O 7. e4 d6 8. Be2
h6 9. Rb1 Nh7 10. O-O f5 11. exf5 Bxf5 12. Bd3 Bxd3 13. Qxd3 Nf6 14. Qf5 b6 15.
d4 Qd7 16. Qxd7 Nxd7 17. Be3 Rfe8 18. c5 bxc5 19. dxc5 d5 20. Rb7 Rac8 21. Rd1
Nf6 22. g4 Kf7 23. g5 hxg5 24. Nxg5+ Kg6 25. f4 d4 26. cxd4 Nd5 27. dxe5 Nxe3
28. Rd7 Re7 29. Rxe7 Nxe7 30. Ne6 N3d5 31. Rxa7 Kf5 32. Nxg7+ Kxf4 33. Nh5+ Kxe5
34. Ng3 Rb8 35. Ra4 Rb1+ 36. Kg2 Nc3 37. Rc4 Ned5 38. Kf3 Rb2 39. h4 Rxa2 40.
Rg4 Ra3 41. Rg5+ Kd4 42. Nf5+ Kxc5 43. h5 Nb5+ 44. Kg4 Ra4+ 45. Kg3 Nd6 46. Nxd6
Kxd6 47. h6 Nf6 48. Rf5 Ke6 49. Rf1 Rg4+ 50. Kh3 Rg6 51. Kh4 Rxh6+ 52. Kg5 Rh5+
53. Kg6 Ne4 0-1

[Event "TCh-FRA Top 12 2018"]
[Site "Brest FRA"]
[Date "2018.06.03"]
[Round "9.5"]
[Board "4"]
[White "Safarli, Eltaj"]
[Black "Relange, Eloi"]
[Result "1-0"]
[WhiteTitle "GM"]
[BlackTitle "GM"]
[WhiteElo "2657"]
[BlackElo "2455"]
[WhiteTeam "Metz Fischer"]
[BlackTeam "Evry Grand Roque"]
[WhiteFideId "13402129"]
[BlackFideId "600822"]
[EventDate "2018.05.26"]

1. e4 e5 2. Nf3 Nc6 3. Bb5 g6 4. c3 a6 5. Bxc6 dxc6 6. d4 Bg4 7. Be3 Bg7 8. Nbd2
f5 9. exf5 exd4 10. cxd4 Bxf5 11. O-O Qd5 12. Bg5 Kd7 13. Rc1 Qxa2 14. Nc4 Nf6
15. Ra1 1-0

[Event "TCh-FRA Top 12 2018"]
[Site "Brest FRA"]
[Date "2018.06.03"]
[Round "9.5"]
[Board "5"]
[White "Milliet, Sophie"]
[Black "Koch, Jean-Rene"]
[Result "1/2-1/2"]
[WhiteTitle "IM"]
[BlackTitle "IM"]
[WhiteElo "2391"]
[BlackElo "2454"]
[WhiteTeam "Evry Grand Roque"]
[BlackTeam "Metz Fischer"]
[WhiteFideId "623725"]
[BlackFideId "600148"]
[EventDate "2018.05.26"]

1. e4 d6 2. d4 Nf6 3. Nc3 c6 4. f4 Qa5 5. Bd3 e5 6. Nf3 exd4 7. Nxd4 Qb6 8. Be2
d5 9. e5 Bc5 10. Na4 Qa5+ 11. c3 Bxd4 12. Qxd4 Ne4 13. Be3 Na6 14. Bf3 f5 15.
exf6 Nxf6 16. Nc5 Qxc5 17. Qxc5 Nxc5 18. Bxc5 Bf5 19. Bd4 Kf7 20. O-O 1/2-1/2

[Event "TCh-FRA Top 12 2018"]
[Site "Brest FRA"]
[Date "2018.06.03"]
[Round "9.5"]
[Board "6"]
[White "Terrieux, Kevin"]
[Black "Leroy, Didier"]
[Result "1-0"]
[WhiteTitle "IM"]
[BlackTitle "IM"]
[WhiteElo "2462"]
[BlackElo "2297"]
[WhiteTeam "Metz Fischer"]
[BlackTeam "Evry Grand Roque"]
[WhiteFideId "622591"]
[BlackFideId "610950"]
[EventDate "2018.05.26"]

1. d4 Nf6 2. c4 e6 3. Nc3 d5 4. cxd5 Nxd5 5. e4 Nxc3 6. bxc3 c5 7. Rb1 Be7 8.
Nf3 O-O 9. Bc4 Nd7 10. O-O Nf6 11. Qe2 a6 12. Rd1 Qc7 13. Bg5 h6 14. Bxf6 Bxf6
15. e5 Be7 16. d5 exd5 17. Bxd5 Kh8 18. Qe4 Rb8 19. e6 fxe6 20. Ne5 Bg5 21. Ng6+
Kg8 22. Bxe6+ Bxe6 23. Qxe6+ Rf7 24. Ne5 Rf8 25. Nxf7 Rxf7 26. Rd3 Kh7 27. Qe4+
g6 28. Rbd1 Bf4 29. Qe6 1-0

[Event "TCh-FRA Top 12 2018"]
[Site "Brest FRA"]
[Date "2018.06.03"]
[Round "9.5"]
[Board "7"]
[White "Duquesne, Adrien"]
[Black "Todorov, Todor"]
[Result "0-1"]
[BlackTitle "GM"]
[WhiteElo "2188"]
[BlackElo "2477"]
[WhiteTeam "Evry Grand Roque"]
[BlackTeam "Metz Fischer"]
[WhiteFideId "20650582"]
[BlackFideId "2903237"]
[EventDate "2018.05.26"]

1. d4 d6 2. c4 e5 3. d5 g6 4. e4 a5 5. Nc3 Na6 6. Nge2 Nc5 7. Ng3 h5 8. Be2 Bh6
9. O-O Bxc1 10. Qxc1 Nf6 11. f3 h4 12. Nh1 Nh5 13. f4 Nxf4 14. Rxf4 exf4 15.
Qxf4 Qe7 16. Nf2 Bd7 17. Nd3 Nxd3 18. Bxd3 Qe5 19. Qf2 O-O 20. Kh1 h3 21. Rg1
Kg7 22. Nd1 Rae8 23. gxh3 Rh8 24. h4 Qf6 25. Qg2 Rxh4 26. Ne3 Reh8 27. Nf5+ Bxf5
28. exf5 Qe5 0-1

[Event "TCh-FRA Top 12 2018"]
[Site "Brest FRA"]
[Date "2018.06.03"]
[Round "9.5"]
[Board "8"]
[White "Monpeurt, Cyrielle"]
[Black "Manouck, Thierry"]
[Result "1/2-1/2"]
[WhiteTitle "WFM"]
[BlackTitle "IM"]
[WhiteElo "2168"]
[BlackElo "2195"]
[WhiteTeam "Metz Fischer"]
[BlackTeam "Evry Grand Roque"]
[WhiteFideId "677400"]
[BlackFideId "600873"]
[EventDate "2018.05.26"]

1. e4 c6 2. Nc3 d5 3. Qf3 g6 4. exd5 Nf6 5. dxc6 Nxc6 6. Bb5 Bd7 7. Nge2 Bg7 8.
a3 a6 9. Ba4 O-O 10. d4 Bg4 11. Qd3 Bxe2 12. Nxe2 Qa5+ 13. Nc3 Nxd4 14. O-O Rfd8
15. Qe3 b5 16. Bb3 Qc7 17. h3 Rac8 18. Bd2 Qb7 19. Rfd1 Rd7 20. Be1 Rcd8 21. Rd2
Nxb3 22. Rxd7 Rxd7 23. cxb3 Nd5 24. Qg3 f5 25. Rc1 e5 26. Nxd5 Qxd5 27. b4 Qe6
28. Qc3 g5 29. Qc8+ Kf7 30. Rc6 Rd6 31. Qc7+ Rd7 32. Qc8 Rd6 33. Rc7+ Kg6 34.
Qb7 Bf6 35. Bc3 Qg8 36. g4 Kh6 37. Qf3 Qb8 38. Rb7 e4 39. Rxb8 exf3 40. gxf5
Bxc3 41. bxc3 Rf6 42. Kh2 Kg7 43. Ra8 h5 44. Ra7+ Kh6 45. Kg3 Rc6 46. Re7 Rxc3
47. Re6+ Kg7 48. Rxa6 Kf7 49. Rb6 Rxa3 50. Rxb5 Kf6 51. Rc5 Rb3 52. b5 Kf7 53.
h4 Kf6 54. hxg5+ Kxg5 55. f6+ Kxf6 56. Rxh5 Ke6 57. Rh6+ Kf5 58. b6 Kg5 59. Rc6
Kf5 60. Rd6 Kg5 61. Rd5+ Kg6 62. b7 Rxb7 63. Kxf3 Kf6 64. Kg4 Rb1 65. Ra5 Rc1
66. Ra6+ Kf7 67. f4 Rc5 68. Ra7+ Kf6 69. Ra1 Rb5 70. Ra6+ Kf7 71. f5 Rb1 72. Kg5
Rg1+ 73. Kf4 Rf1+ 74. Ke5 Re1+ 1/2-1/2

[Event "TCh-FRA Top 12 2018"]
[Site "Brest FRA"]
[Date "2018.06.03"]
[Round "9.6"]
[Board "1"]
[White "Naiditsch, Arkadij"]
[Black "Hamdouchi, Hicham"]
[Result "1-0"]
[WhiteTitle "GM"]
[BlackTitle "GM"]
[WhiteElo "2697"]
[BlackElo "2580"]
[WhiteTeam "BISCHWILLER"]
[BlackTeam "CLICHY Echecs 92"]
[WhiteFideId "4650891"]
[BlackFideId "9000011"]
[EventDate "2018.05.26"]

1. e4 c5 2. Nf3 d6 3. d4 cxd4 4. Nxd4 Nf6 5. Nc3 a6 6. Bg5 Nbd7 7. Qe2 h6 8. Bh4
g6 9. f4 e5 10. fxe5 dxe5 11. O-O-O Qc7 12. Nd5 Nxd5 13. exd5 Bd6 14. Nb3 b5 15.
Qd2 g5 16. Be1 Nc5 17. Nxc5 Qxc5 18. h4 g4 19. Bg3 Bd7 20. Re1 f6 21. Bd3 O-O-O
22. Rhf1 Rdf8 23. Bf5 Qc7 24. Re3 Kd8 25. h5 Qc4 26. Qe2 Qxe2 27. Rxe2 Be8 28.
Bh4 Bxh5 29. Be6 Be7 30. Re3 Kc7 31. Rc3+ Kb7 32. d6 Bxd6 33. Rd1 b4 34. Rc4 Rd8
35. Bxf6 g3 36. Bg4 Bf7 37. Bf3+ Kb8 38. Rxd6 Rxd6 39. Rxb4+ 1-0

[Event "TCh-FRA Top 12 2018"]
[Site "Brest FRA"]
[Date "2018.06.03"]
[Round "9.6"]
[Board "2"]
[White "Fressinet, Laurent"]
[Black "Bacrot, Etienne"]
[Result "1/2-1/2"]
[WhiteTitle "GM"]
[BlackTitle "GM"]
[WhiteElo "2651"]
[BlackElo "2714"]
[WhiteTeam "CLICHY Echecs 92"]
[BlackTeam "BISCHWILLER"]
[WhiteFideId "608742"]
[BlackFideId "605506"]
[EventDate "2018.05.26"]

1. e4 e5 2. Nf3 Nc6 3. Bb5 Nf6 4. d3 Bc5 5. O-O Nd4 6. Nxd4 Bxd4 7. c3 Bb6 8.
Na3 c6 9. Ba4 O-O 10. Bg5 h6 11. Bh4 d6 12. Nc4 g5 13. Bg3 Bg4 14. Qd2 Bc7 15.
Bb3 Be6 16. Ne3 Qe7 17. f3 Nh5 18. Bf2 Rad8 19. d4 exd4 20. cxd4 1/2-1/2

[Event "TCh-FRA Top 12 2018"]
[Site "Brest FRA"]
[Date "2018.06.03"]
[Round "9.6"]
[Board "3"]
[White "Rodshtein, Maxim"]
[Black "Tregubov, Pavel V."]
[Result "1/2-1/2"]
[WhiteTitle "GM"]
[BlackTitle "GM"]
[WhiteElo "2678"]
[BlackElo "2578"]
[WhiteTeam "BISCHWILLER"]
[BlackTeam "CLICHY Echecs 92"]
[WhiteFideId "2806851"]
[BlackFideId "4115341"]
[EventDate "2018.05.26"]

1. d4 Nf6 2. c4 e6 3. g3 c5 4. d5 exd5 5. cxd5 d6 6. Nc3 g6 7. Bg2 Bg7 8. Nf3
O-O 9. O-O a6 10. a4 Nbd7 11. Qc2 Rb8 12. a5 Re8 13. Re1 b5 14. axb6 Qxb6 15. h3
c4 16. Ra4 Nc5 17. Rxc4 a5 18. Nd4 Ba6 19. Na4 Nxa4 20. Rxa4 Nxd5 21. Bxd5 Bxd4
22. e3 Be5 23. Qd2 Bc8 24. Kg2 Bb7 25. Rxa5 Rec8 26. Bxb7 Rxb7 27. Qd5 Rc2 28.
Rd1 Rbc7 29. Rb5 Qc6 30. Qxc6 R7xc6 31. Bd2 Bxb2 32. Bb4 Be5 33. Rbd5 Rb2 34.
Bxd6 Bxd6 35. Rxd6 Rxd6 36. Rxd6 h5 37. Kf3 Kg7 38. e4 Ra2 39. Ke3 Rb2 40. Rd2
Rb3+ 41. Rd3 Rb2 42. h4 Ra2 43. f3 Rg2 44. Kf4 Rg1 45. Rd5 Rg2 46. Rg5 Kh6 47.
Rd5 1/2-1/2

[Event "TCh-FRA Top 12 2018"]
[Site "Brest FRA"]
[Date "2018.06.03"]
[Round "9.6"]
[Board "4"]
[White "Van Wely, Loek"]
[Black "Ragger, Markus"]
[Result "1/2-1/2"]
[WhiteTitle "GM"]
[BlackTitle "GM"]
[WhiteElo "2667"]
[BlackElo "2672"]
[WhiteTeam "CLICHY Echecs 92"]
[BlackTeam "BISCHWILLER"]
[WhiteFideId "1000268"]
[BlackFideId "1610856"]
[EventDate "2018.05.26"]

1. c4 c5 2. Nc3 g6 3. Nf3 Bg7 4. e3 Nf6 5. d4 cxd4 6. exd4 d5 7. Bg5 Ne4 8. Bh4
Nxc3 9. bxc3 O-O 10. cxd5 Qxd5 11. Be2 Nc6 12. O-O e5 13. c4 Qe4 14. Bd3 Qg4 15.
h3 Qh5 16. d5 Nd4 17. Be7 Nxf3+ 18. Qxf3 Qxf3 19. gxf3 Re8 20. d6 Bxh3 21. Rfb1
e4 22. Bxe4 Bxa1 23. Rxa1 Rxe7 24. dxe7 Re8 25. Bxb7 1/2-1/2

[Event "TCh-FRA Top 12 2018"]
[Site "Brest FRA"]
[Date "2018.06.03"]
[Round "9.6"]
[Board "5"]
[White "Maze, Sebastien"]
[Black "Van Foreest, Jorden"]
[Result "1/2-1/2"]
[WhiteTitle "GM"]
[BlackTitle "GM"]
[WhiteElo "2615"]
[BlackElo "2638"]
[WhiteTeam "BISCHWILLER"]
[BlackTeam "CLICHY Echecs 92"]
[WhiteFideId "613762"]
[BlackFideId "1039784"]
[EventDate "2018.05.26"]

1. e4 c6 2. Nc3 d5 3. Nf3 dxe4 4. Nxe4 Nf6 5. Qe2 Nxe4 6. Qxe4 Nd7 7. Bc4 Nf6 8.
Qe2 Bf5 9. d4 e6 10. Bf4 Be7 11. c3 O-O 12. a4 Nd5 13. Be5 Bg4 14. h3 Bh5 15.
O-O a5 16. Rfe1 Re8 17. g4 Bg6 18. Bg3 Bd6 19. Bxd6 Qxd6 20. Qe5 Qxe5 21. Nxe5
f6 22. Nxg6 hxg6 23. Bxd5 exd5 1/2-1/2

[Event "TCh-FRA Top 12 2018"]
[Site "Brest FRA"]
[Date "2018.06.03"]
[Round "9.6"]
[Board "7"]
[White "Le Roux, Jean-Pierre"]
[Black "Delorme, Axel"]
[Result "1-0"]
[WhiteTitle "GM"]
[BlackTitle "GM"]
[WhiteElo "2557"]
[BlackElo "2527"]
[WhiteTeam "BISCHWILLER"]
[BlackTeam "CLICHY Echecs 92"]
[WhiteFideId "609404"]
[BlackFideId "632023"]
[EventDate "2018.05.26"]

1. e4 e5 2. Bc4 Nf6 3. d3 c6 4. Nf3 d5 5. Bb3 Bd6 6. exd5 cxd5 7. Bg5 Be6 8. Nc3
Bc7 9. d4 e4 10. Nd2 Nc6 11. Bxf6 gxf6 12. Ndxe4 dxe4 13. d5 Bf5 14. dxc6 bxc6
15. O-O Be5 16. Qe2 O-O 17. Qc4 Qc7 18. Nxe4 Bxb2 19. Rab1 Bxe4 20. Qxe4 Bc3 21.
Bc4 Qe5 22. Qg4+ Kh8 23. Qh3 Rab8 24. Bd3 h5 25. Bf5 Kg7 26. Qxh5 Rfd8 27. Qg4+
Kf8 28. Bd3 Rxb1 29. Rxb1 Rd4 30. Qc8+ Kg7 31. g3 Bb4 32. Qxc6 Bc5 33. Kg2 Rd5
34. Rf1 Qd4 35. Qa6 Rd6 36. Qc4 Qxc4 37. Bxc4 Rd4 38. Bb3 Rd2 39. g4 a5 40. Kg3
Rd4 41. a4 Bd6+ 42. f4 Rb4 43. h4 Kg6 44. Rf3 Kg7 45. c4 Kg6 46. Rd3 Kg7 47. Kf3
Bc5 48. Ke4 Rb6 49. Kf5 Be7 50. h5 1-0

[Event "TCh-FRA Top 12 2018"]
[Site "Brest FRA"]
[Date "2018.06.03"]
[Round "9.6"]
[Board "8"]
[White "Guichard, Pauline"]
[Black "Maisuradze, Nino"]
[Result "1-0"]
[WhiteTitle "WGM"]
[BlackTitle "WGM"]
[WhiteElo "2303"]
[BlackElo "2172"]
[WhiteTeam "CLICHY Echecs 92"]
[BlackTeam "BISCHWILLER"]
[WhiteFideId "639370"]
[BlackFideId "13601717"]
[EventDate "2018.05.26"]

1. d4 d5 2. Bf4 c5 3. e3 Nc6 4. Nf3 Nf6 5. Nbd2 Bg4 6. c3 e6 7. Qb3 Qc8 8. Bb5
c4 9. Qa4 a6 10. Bxc6+ Qxc6 11. Qxc6+ bxc6 12. Ne5 c5 13. Nxg4 Nxg4 14. O-O Nf6
15. b3 cxd4 16. exd4 Rc8 17. b4 Nh5 18. Bg3 Nxg3 19. hxg3 Bd6 20. f4 f6 21. Nf3
Kd7 22. a4 Rb8 23. Ra2 Rhe8 24. Re2 Re7 25. Kf2 Rbe8 26. Rfe1 Kc6 27. Rh1 g6 28.
Rhe1 Kd7 29. Rd1 Kc6 30. Red2 Rf8 31. Kg1 h6 32. Rf1 Rg8 33. Nh2 h5 34. Nf3 Kd7
35. Re2 Ree8 36. Re3 Bc7 37. Kf2 Rgf8 38. Ke2 Rg8 39. Kd1 Bb6 40. Kc2 Bc7 41.
Rh1 Bd6 42. a5 Re7 43. Kb2 Rge8 44. Rhe1 Rg8 45. Ka3 h4 46. gxh4 Bxf4 47. R3e2
e5 48. dxe5 Rge8 49. e6+ Kd6 50. Ka4 Bg3 51. Rd1 Bf4 52. Nd4 Be5 53. Red2 Bf4
54. Rb2 Be5 55. b5 Rb7 56. b6 Bxd4 57. Rxd4 Kc5 58. Rbd2 Rd8 59. Rf2 f5 60. Re2
Kd6 61. Kb4 Re7 62. Rxc4 dxc4 63. Rd2+ Kc6 64. Rxd8 Rxe6 65. Rc8+ Kb7 66. Rxc4
Re1 67. Rc7+ Kb8 68. Rg7 Re4+ 69. Kc5 Rxh4 70. Rxg6 Ra4 71. c4 f4 72. Rg8+ Kb7
73. Rg7+ Kb8 74. Kd5 f3 75. gxf3 Rb4 76. c5 Rh4 77. Rg8+ 1-0

[Event "TCh-FRA Top 12 2018"]
[Site "Brest FRA"]
[Date "2018.06.04"]
[Round "10.1"]
[Board "1"]
[White "Bailet, Pierre"]
[Black "Rodshtein, Maxim"]
[Result "0-1"]
[WhiteTitle "IM"]
[BlackTitle "GM"]
[WhiteElo "2501"]
[BlackElo "2678"]
[WhiteTeam "VANDOEUVRE-Echecs"]
[BlackTeam "BISCHWILLER"]
[WhiteFideId "655830"]
[BlackFideId "2806851"]
[EventDate "2018.05.26"]

1. e4 c5 2. Nf3 Nc6 3. Bb5 e6 4. O-O Nge7 5. Nc3 a6 6. Bxc6 Nxc6 7. d4 cxd4 8.
Nxd4 Qc7 9. Re1 Bd6 10. Kh1 Nxd4 11. Qxd4 Be5 12. Qd3 O-O 13. a4 b6 14. Be3 Bb7
15. f4 Bxc3 16. bxc3 Rac8 0-1

[Event "TCh-FRA Top 12 2018"]
[Site "Brest FRA"]
[Date "2018.06.04"]
[Round "10.1"]
[Board "2"]
[White "Ragger, Markus"]
[Black "Hamitevici, Vladimir"]
[Result "1-0"]
[WhiteTitle "GM"]
[BlackTitle "GM"]
[WhiteElo "2672"]
[BlackElo "2508"]
[WhiteTeam "BISCHWILLER"]
[BlackTeam "VANDOEUVRE-Echecs"]
[WhiteFideId "1610856"]
[BlackFideId "13902393"]
[EventDate "2018.05.26"]

1. e4 d6 2. d4 Nf6 3. Bd3 g6 4. Nf3 Bg7 5. O-O O-O 6. c3 Nc6 7. Re1 e5 8. h3 a5
9. Na3 exd4 10. cxd4 Nb4 11. Bf1 Re8 12. e5 dxe5 13. dxe5 Qxd1 14. Rxd1 Nd7 15.
Nb5 Na6 16. Bf4 Ndc5 17. Be3 Nd7 18. Bd4 Ndb8 19. Bc4 Be6 20. Bxe6 fxe6 21. Bc3
Nc6 22. Rd7 Rac8 23. Rad1 Ncb8 24. R7d2 Nc6 25. Rd7 Ncb8 26. R7d2 Nc6 27. Nbd4
Nab8 28. Ng5 Nxd4 29. Bxd4 Nc6 30. f4 h6 31. Ne4 b6 32. Bc3 Rcd8 33. Nf6+ Bxf6
34. exf6 Rxd2 35. Rxd2 Rd8 36. Rxd8+ Nxd8 37. Be5 b5 38. Bxc7 Nc6 39. a3 h5 40.
Kf2 a4 41. Be5 Kf7 42. Ke3 Ke8 43. Ke4 Kd7 44. Bc3 Ke8 45. g4 hxg4 46. hxg4 Kd7
47. Bb4 Ke8 48. f5 gxf5+ 49. gxf5 Kf7 50. Bc3 Nb8 51. Ke5 exf5 52. Kxf5 Nc6 53.
Bb4 Nb8 54. Bd2 Nc6 55. Bc3 b4 56. Bxb4 Nd4+ 57. Ke4 Ne2 58. Ke5 1-0

[Event "TCh-FRA Top 12 2018"]
[Site "Brest FRA"]
[Date "2018.06.04"]
[Round "10.1"]
[Board "3"]
[White "Donchenko, Alexander"]
[Black "Edouard, Romain"]
[Result "1/2-1/2"]
[WhiteTitle "GM"]
[BlackTitle "GM"]
[WhiteElo "2587"]
[BlackElo "2621"]
[WhiteTeam "VANDOEUVRE-Echecs"]
[BlackTeam "BISCHWILLER"]
[WhiteFideId "24603295"]
[BlackFideId "633429"]
[EventDate "2018.05.26"]

1. d4 Nf6 2. c4 e6 3. Nf3 d5 4. g3 dxc4 5. Bg2 c5 6. O-O Nc6 7. Ne5 Bd7 8. Na3
cxd4 9. Naxc4 Be7 10. Qb3 Qc8 11. Bf4 O-O 12. Rac1 Nd5 13. Bxd5 exd5 14. Na5
Nxa5 15. Qxd5 Be6 16. Qxa5 Qd8 17. Qxd8 Rfxd8 18. a3 Rac8 19. Nd3 f6 20. Bc7 Rd7
21. Ba5 Rxc1 22. Rxc1 Bf5 23. Rc4 Be6 24. Rc1 1/2-1/2

[Event "TCh-FRA Top 12 2018"]
[Site "Brest FRA"]
[Date "2018.06.04"]
[Round "10.1"]
[Board "4"]
[White "Bacrot, Etienne"]
[Black "Cossin, Sebastien"]
[Result "1-0"]
[WhiteTitle "GM"]
[BlackTitle "IM"]
[WhiteElo "2714"]
[BlackElo "2498"]
[WhiteTeam "BISCHWILLER"]
[BlackTeam "VANDOEUVRE-Echecs"]
[WhiteFideId "605506"]
[BlackFideId "618802"]
[EventDate "2018.05.26"]

1. e4 c5 2. Nf3 d6 3. d4 cxd4 4. Nxd4 Nf6 5. Nc3 a6 6. Be2 e5 7. Nf3 h6 8. Nd2
Nbd7 9. a4 Be7 10. Nc4 Nb6 11. Be3 Nxc4 12. Bxc4 Be6 13. Qd3 Rc8 14. Bxe6 fxe6
15. a5 O-O 16. Bb6 Qe8 17. O-O Qg6 18. Rfd1 Rc6 19. Ra4 d5 20. exd5 Qxd3 21.
Rxd3 exd5 22. Nxd5 Nxd5 23. Rxd5 Rxc2 24. g3 Rf7 25. b3 Bf6 26. Re4 Kh7 27. Rd6
Rb2 28. Rd3 h5 29. Kf1 Kg6 30. Rc4 Kf5 31. Kg2 Re7 32. Rf3+ Ke6 33. Bd8 Rf7 34.
Bxf6 Rxf6 35. Rb4 Rxf3 36. Kxf3 Ra2 37. Rxb7 Rxa5 38. Rxg7 Rb5 39. Rh7 Rxb3+ 40.
Kg2 a5 41. Rxh5 a4 42. Rh6+ Kd5 43. Ra6 Rb4 44. h4 Kc4 45. h5 Kb3 46. h6 a3 47.
Ra8 Rb7 48. g4 a2 49. g5 1-0

[Event "TCh-FRA Top 12 2018"]
[Site "Brest FRA"]
[Date "2018.06.04"]
[Round "10.1"]
[Board "5"]
[White "Solodovnichenko, Yuri"]
[Black "Naiditsch, Arkadij"]
[Result "0-1"]
[WhiteTitle "GM"]
[BlackTitle "GM"]
[WhiteElo "2531"]
[BlackElo "2697"]
[WhiteTeam "VANDOEUVRE-Echecs"]
[BlackTeam "BISCHWILLER"]
[WhiteFideId "14104369"]
[BlackFideId "4650891"]
[EventDate "2018.05.26"]

1. e4 c5 2. Nf3 Nc6 3. Nc3 e6 4. d4 cxd4 5. Nxd4 a6 6. Be3 Nf6 7. a3 Be7 8. f4
d6 9. Qf3 e5 10. Nxc6 bxc6 11. f5 d5 12. exd5 cxd5 13. O-O-O e4 14. Qf4 O-O 15.
Be2 Bd6 16. Qf2 Be5 17. g4 Bxc3 18. bxc3 Qa5 19. Rd4 Qxc3 20. Rf1 Rb8 21. g5 Rb2
22. Kd1 Rb1+ 23. Bc1 e3 24. Rd3 Rxc1+ 0-1